| 000 | 00899na a2200277 4500 | ||
|---|---|---|---|
| 001 | 14965 | ||
| 003 | MIRAKIL | ||
| 005 | 20181213154833.0 | ||
| 008 | 161102b tu 000 0 | ||
| 020 | _a9789757400271 | ||
| 040 |
_aMilas _btur _cTR-AnCHP |
||
| 082 |
_a923.7 Erişirgil, M. E. _bE65b 2010 |
||
| 090 | _a923.7 Erişirgil,M.E. E65b 2010 | ||
| 100 | _aErişirgil, Mehmet Emin | ||
| 245 |
_aBildiklerim _cMehmet Emin Erişirgil;yayına hazırlayan M.Bülent Varlık |
||
| 260 |
_aAnkara _bAnkara Üniversitesi _c2010 |
||
| 300 |
_a126 s. _bres. _c24 sm. |
||
| 440 |
_aAnkara Üniversitesi _v288 |
||
| 490 |
_aMülkiyeliler Birliği Vakfı _v33 |
||
| 490 |
_aSiyasal Bilgiler Fakültesi _v603 |
||
| 600 |
_aErişirgil, Mehmet Emin _d1891-1965 _xAnılar |
||
| 650 |
_aEğitimciler _xAnılar |
||
| 650 |
_aEğitim _yAnılar _zTürkiye |
||
| 700 | _aVarlık,M.Bülent | ||
| 942 |
_2ddc _cBKS |
||
| 999 |
_c1758 _d1758 |
||